Normal view
MARC view
- ادارة الموارد البشرية-القوى البشرية
Entry Topical Term
001 - CONTROL NUMBER
- control field: 44470
003 - CONTROL NUMBER IDENTIFIER
- control field: JO-AjAnu
005 - DATE AND TIME OF LATEST TRANSACTION
- control field: 20230606081349.0
008 - FIXED-LENGTH DATA ELEMENTS
- fixed length control field: 230606|| aca||aabn | a|a d
040 ## - CATALOGING SOURCE
- Original cataloging agency: JO-AjAnu
- Transcribing agency: JO-AjAnu
150 ## - HEADING--TOPICAL TERM
- Topical term or geographic name entry element: ادارة الموارد البشرية-القوى البشرية
670 ## - SOURCE DATA FOUND
- Source citation: Work cat.: (JO-AjAnu)22772: تأليف هوبكنز،برايان/م.مشارك جميس ماركهام؛ الترجمة باعتماد:خالد العامري, author 44469, الادارة الالكترونية للموارد البشرية